000 00580nam a2200181Ia 4500
008 090123s9999 xx 000 0 und d
082 _b16894
_a891.463/यादवा
100 _aयादवाडकर प्रकाश
245 _aरणचंडिका
250 _a1
260 _bमनोरमा प्रकाशन
_c1989
300 _a172
600 _aयादवाडकर प्रकाश
630 _aरणचंडिका
700 _aयादवाडकर प्रकाश
730 _aरणचंडिका
942 _cBOOK
999 _c54954
_d54954